000 00368nam a2200145Ia 4500
008 230917s9999||||xx |||||||||||||| ||und||
040 _e112086
_aMAIN
041 _aEnglish
082 _a005.133 D642P
100 _aDixit, J.B.
245 0 _aProgramming in C and numerical analysis.
260 _aBangalore
_bFirewall media
_c2006
300 _a355 p.
942 _cBK
999 _c135494
_d135494